MARC

Tag First Indicator Second Indicator Subfields
LEADER 00000cam a2200000Ia 4500
001 in00002454721
005 20211202191312.0
006 m d f
007 cr mn|||||||||
008 090408s2000 ohu sb f000 0 eng d
035 |a (OCoLC)ocn318076010 
040 |a GPO  |c GPO  |d MvI  |d UtOrBLW 
043 |a n-us--- 
049 |a WWW 
074 |a 0431-J (online) 
086 0 |a EP 1.23/6:600/R-00/098 
088 |a EPA/600/R-00/098 
245 0 0 |a Projecting land-use change :  |b a summary of models for assessing the effects of community growth and change on land-use patterns /  |c Science Applications International Corporation. 
246 2 |a Projecting land use change 
264 1 |a Washington, DC :  |b National Exposure Research Laboratory, National Health and Environmental Effects Research Laboratory, National Risk Management Research Laboratory, Office of Research and Development, U.S. Environmental Protection Agency,  |c [2000] 
300 |a 264 unnumbered pages :  |b digital, PDF file. 
336 |a text  |b txt  |2 rdacontent 
337 |a computer  |b c  |2 rdamedia 
338 |a online resource  |b cr  |2 rdacarrier 
538 |a Mode of access: Internet from the Federal Highway Administration web site. Address as of 4/8/09: http://nepa.fhwa.dot.gov/ReNEPA/ReNepa.nsf/All+Documents/5558AAFBF4A78F5285256FDC005E50A3/$FILE/projecting%20landuse%20change%20epa.pdf ; current access available via PURL. 
500 |a Title from title screen (viewed on Apr. 8, 2009). 
500 |a "September 2000." 
504 |a Includes bibliographical references. 
500 |a "EPA/600/R-00/098." 
500 |a "Contract #68-C7-0011." 
500 |a Electronic resource. 
650 0 |a Land use  |z United States  |x Planning. 
650 0 |a Cities and towns  |z United States  |x Growth. 
650 0 |a Urbanization  |z United States. 
650 0 |a City planning  |z United States. 
776 0 |t Projecting land-use change  |h 1 v. (various pagings)  |w (OCoLC)144513266 
776 0 |t Projecting land-use change  |h ix, 142 p.  |w (OCoLC)53155595 
710 2 |a Science Applications International Corporation. 
710 2 |a National Exposure Research Laboratory (U.S.) 
710 2 |a National Health and Environmental Effects Research Laboratory (U.S.) 
710 2 |a National Risk Management Research Laboratory (U.S.) 
856 4 0 |u https://purl.fdlp.gov/GPO/LPS111151  |t 0 
999 |a MARS 
999 f f |s b774cb17-f9f9-366d-857f-1228c529577f  |i fbc6e819-3daa-3373-be43-7b971f4aac31  |t 0 
952 f f |a Texas A&M University  |b College Station  |c Electronic Resources  |d Available Online  |t 0  |e EP 1.23/6:600/R-00/098  |h Superintendent of Documents classification 
998 f f |a EP 1.23/6:600/R-00/098  |t 0  |l Available Online